Art, Archaeology and Cultural History/ (Record no. 199831)

MARC details
000 -LEADER
fixed length control field 00564nam a22001817a 4500
005 - DATE AND TIME OF LATEST TRANSACTION
control field 20231227115854.0
010 ## - LCCN (DPL NO)
LC control number ENG-138772
020 ## - INTERNATIONAL STANDARD BOOK NUMBER
International Standard Book Number 9789392595011
Terms of availability 1500.00
035 ## - SYSTEM CONTROL NUMBER
System control number EN-122304
037 ## - SOURCE OF ACQUISITION
Source of stock number/acquisition DBAD/PUB
082 ## - DEWEY DECIMAL CLASSIFICATION NUMBER
Classification number 700.954
100 ## - MAIN ENTRY--PERSONAL NAME
Personal name Meena, Santosh
245 ## - TITLE STATEMENT
Title Art, Archaeology and Cultural History/
Statement of responsibility, etc by Santosh Meena
260 ## - PUBLICATION, DISTRIBUTION, ETC. (IMPRINT)
Place of publication, distribution, etc India
Name of publisher, distributor, etc Rishabh Books
270 ## - ADDRESS
Address 22/4735 Prakash Deep Building,Ansari Raod, Darya Ganj,
City New Delhi
Postal code 110002
300 ## - PHYSICAL DESCRIPTION
Extent 271p.
Dimensions 23cm. (Hb)
942 ## - ADDED ENTRY ELEMENTS (KOHA)
Source of classification or shelving scheme Dewey Decimal Classification
Item type English Books
Classification part 700.954
Call number suffix MEE
Edition 2022
Holdings
Withdrawn status Lost status Not for loan Collection code Home library Current library Date acquired Source of acquisition Cost, normal purchase price Full call number Barcode Copy number Cost, replacement price Koha item type
      Non-fiction Ashok Vihar Ashok Vihar 27/12/2023 DBAD/PUB 1500.00 700.954 MEE EN-122304 1 1500.00 English Books

© Delhi Public Library
Hit Counter
free hit counter